| 000 | 00578nam a22001937a 4500 | ||
|---|---|---|---|
| 005 | 20250709153222.0 | ||
| 008 | 250709b |||||||| |||| 00| 0 eng d | ||
| 020 | _a978-1-285-85891-3 | ||
| 050 | _aHF 5718.3 .G84 2016 | ||
| 100 | _aGUFFEY, MARY ELLEN | ||
| 245 | _aESSENTIALS OF BUSINESS COMMUNICATION | ||
| 250 | _a10 | ||
| 260 |
_aMASON, OH, _b CENGAGE LEARNING, _c2016 |
||
| 300 | _aXVIII,511P.:ILL | ||
| 500 | _aINCLUDES BIBLIOGRAPHICAL REFERENCES AND INDEX | ||
| 650 | _a1. BUSINESS WRITING 2. BUSINESS COMMUNICATION | ||
| 700 | _aLOEWY, DANA | ||
| 942 |
_2lcc _cBK |
||
| 999 |
_c215869 _d215869 |
||